MDQL
is popping MORE tags! Check the
thread
!
Quizzes
Events
Quiz Creation
Community
Videos
Private Events
Remove Ads
Sign In
Join for FREE
Feedback
Dark Mode
Quiz Categories
Sports
Geography
Music
Movies
Television
Just For Fun
Miscellaneous
History
Literature
Language
Science
Gaming
Entertainment
Religion
Holiday
For Kids
Quiz Lab
Recent
Popular Today
Quiz Kudos Today
Editor Picks
Curator Picks
Quizzes by...
Day
Popularity
Type
Ratings
Length
Year
Community
Subscriptions
Recent Discussions
Orange Saloon
Badges
Playlists
Quests
Create
Leaderboards
Showdown
Live 5
Trivia Bingo
Activity
Puzzle Library
Sporcle Events
Private Events
Virtual Trivia
Globe League
Become a Host
Pub Owners
SporcleCon
Opinionation
Our Games
Videos
Blog
Mobile Apps
Partnerships
Remove Ads and Go Orange
Feedback
Sports
Athletes
MLB
NBA
NHL
NFL
Soccer
Sports Teams
WWE
NCAA
Football
Premier League
Basketball
Baseball
Hockey
Golf
Tennis
Cricket
Rugby
Auto Racing
Olympics
World Cup
Sports
Athletes
MLB
NBA
NHL
NFL
Soccer
Sports Teams
WWE
NCAA
Football
Premier League
Basketball
Baseball
Hockey
Golf
Tennis
Cricket
Rugby
Auto Racing
Olympics
World Cup
Random Quiz
Search Sporcle
×
Quiz Lab
Quiz Lab
Sports
MLB
Type in answers that appear in a list
Type in answers that appear in a list
Classic
Best Score? Go Orange.
MLB Progressive Team Leaders: Single-Season Saves Stats
Can you name the progressive single-season leaders in saves for each team since 1961?
By
slacktivist
10m
155 Questions
93 Plays
93 Plays
93 Plays
Comments
Comments
Give Quiz Kudos
Give Quiz Kudos
-
- Ratings
hide this ad
Replay
Link that replays current quiz
Next Quiz
Link to next quiz in quiz playlist
You Got
0%
They Got
Avg Score
59%
Avg Friend Score
Upgrade to see
Score Distribution
Jump to the score distribution portion of the page
Score
0/155
Timer
10:00
0
Plays Today
Hint
Answer
% Correct
Yankees
Mariano Rivera
96.8%
Yankees
Mariano Rivera
96.8%
Angels
Francisco Rodriguez
95.7%
Angels
Francisco Rodriguez
95.7%
Athletics
Dennis Eckersley
94.6%
Athletics
Dennis Eckersley
94.6%
Athletics
Dennis Eckersley
94.6%
Cardinals
Lee Smith
91.4%
Astros
Dave Smith
91.4%
Dodgers
Eric Gagne
91.4%
Dodgers
Eric Gagne
91.4%
Brewers
Doug Jones
90.3%
Indians
Doug Jones
90.3%
Indians
Doug Jones
90.3%
Tigers
Todd Jones
90.3%
Astros
Doug Jones
90.3%
Royals
Dan Quisenberry
89.2%
Royals
Dan Quisenberry
89.2%
Royals
Dan Quisenberry
89.2%
Giants
Brian Wilson
88.2%
Astros
Billy Wagner
88.2%
Astros
Billy Wagner
88.2%
Astros
Billy Wagner
88.2%
Padres
Trevor Hoffman
88.2%
Mets
John Franco
87.1%
Mets
John Franco
87.1%
Mets
John Franco
87.1%
Reds
John Franco
87.1%
Twins
Joe Nathan
84.9%
Braves
John Smoltz
83.9%
Pirates
Mike Williams
83.9%
Phillies
Mitch Williams
83.9%
Cubs
Bruce Sutter
82.8%
Cardinals
Bruce Sutter
82.8%
Cubs
Bruce Sutter
82.8%
Cardinals
Bruce Sutter
82.8%
Rangers
John Wetteland
82.8%
Rangers
John Wetteland
82.8%
Nationals
John Wetteland
82.8%
Orioles
Jim Johnson
81.7%
Padres
Mark Davis
80.6%
White Sox
Bobby Thigpen
80.6%
White Sox
Bobby Thigpen
80.6%
White Sox
Bobby Thigpen
80.6%
Padres
Rollie Fingers
79.6%
Padres
Rollie Fingers
79.6%
Phillies
Al Holland
78.5%
Mariners
Jose Mesa
78.5%
Phillies
Al Holland
78.5%
Indians
Jose Mesa
78.5%
Royals
Greg Holland
78.5%
Phillies
Jose Mesa
78.5%
Hint
Answer
% Correct
Blue Jays
Tom Henke
77.4%
Blue Jays
Tom Henke
77.4%
Blue Jays
Tom Henke
77.4%
Rangers
Tom Henke
77.4%
Pirates
Mark Melancon
77.4%
Yankees
Dave Righetti
76.3%
Mariners
Fernando Rodney
76.3%
Rays
Fernando Rodney
76.3%
Mets
Jeurys Familia
76.3%
Mets
Jeurys Familia
76.3%
Orioles
Randy Myers
73.1%
Cubs
Randy Myers
73.1%
Diamondbacks
Jose Valverde
71%
Giants
Rod Beck
71%
Tigers
Jose Valverde
71%
Astros
Jose Valverde
71%
Yankees
Sparky Lyle
69.9%
Cardinals
Jason Isringhausen
69.9%
Mets
Jesse Orosco
68.8%
Rays
Roberto Hernandez
65.6%
Rays
Roberto Hernandez
65.6%
Braves
Mark Wohlers
64.5%
Diamondbacks
Byung-Hyun Kim
64.5%
Royals
Jeff Montgomery
64.5%
Nationals
Jeff Reardon
64.5%
Red Sox
Jeff Reardon
64.5%
Twins
Jeff Reardon
64.5%
Cardinals
Trevor Rosenthal
64.5%
Pirates
Kent Tekulve
62.4%
Pirates
Kent Tekulve
62.4%
Marlins
Armando Benitez
62.4%
Mets
Armando Benitez
62.4%
Mets
Armando Benitez
62.4%
Phillies
Steve Bedrosian
62.4%
Phillies
Steve Bedrosian
62.4%
Mariners
Kazuhiro Sasaki
61.3%
Mariners
Kazuhiro Sasaki
61.3%
Mets
Tug McGraw
61.3%
Brewers
Francisco Cordero
61.3%
Rangers
Francisco Cordero
61.3%
Nationals
Chad Cordero
61.3%
Twins
Rick Aguilera
60.2%
Brewers
John Axford
57%
White Sox
Hoyt Wilhelm
54.8%
Marlins
Bryan Harvey
53.8%
Angels
Bryan Harvey
53.8%
Red Sox
Tom Gordon
53.8%
Blue Jays
Duane Ward
53.8%
Tigers
John Hiller
49.5%
Brewers
Dan Plesac
47.3%
Rays
Rafael Soriano
44.1%
Angels
Donnie Moore
43%
Hint
Answer
% Correct
Red Sox
Bob Stanley
43%
Diamondbacks
Gregg Olson
43%
Orioles
Gregg Olson
43%
Twins
Eddie Guardado
43%
Pirates
Elroy Face
41.9%
Nationals
Mike Marshall
40.9%
Dodgers
Jay Howell
38.7%
Braves
Gene Garber
38.7%
Dodgers
Todd Worrell
37.6%
Dodgers
Todd Worrell
37.6%
Marlins
Antonio Alfonseca
36.6%
Orioles
Stu Miller
35.5%
Reds
Clay Carroll
35.5%
Brewers
Bob Wickman
33.3%
Red Sox
Dick Radatz
32.3%
Rangers
Jeff Russell
32.3%
Rangers
Jim Kern
30.1%
Red Sox
Bill Campbell
29%
Yankees
Lindy McDaniel
29%
Cardinals
Lindy McDaniel
29%
Pirates
Dave Giusti
29%
Reds
Jeff Brantley
29%
Giants
Greg Minton
28%
Twins
Ron Perranoski
28%
Twins
Ron Perranoski
28%
Mariners
Bill Caudill
25.8%
Mariners
Bill Caudill
25.8%
Athletics
Bill Caudill
25.8%
Rockies
Jose Jimenez
24.7%
Yankees
Joe Page
23.7%
Orioles
Don Aase
22.6%
Brewers
Derrick Turnbow
22.6%
Angels
Minnie Rojas
21.5%
White Sox
Terry Forster
20.4%
White Sox
Ed Farmer
19.4%
Cubs
Ted Abernathy
17.2%
Reds
Wayne Granger
17.2%
Brewers
Danny Kolb
17.2%
White Sox
Bob James
17.2%
Red Sox
Ellis Kinder
15.1%
Mariners
Mike Schooler
15.1%
Pirates
Jim Gott
15.1%
Yankees
Luis Arroyo
15.1%
Astros
Fred Gladding
14%
Brewers
Ken Sanders
12.9%
Athletics
Jack Aker
10.8%
Braves
Cecil Upshaw
8.6%
Rockies
Dave Veres
8.6%
Tigers
Tom Timmermann
8.6%
Rockies
Darren Holmes
7.5%
Rangers
Ron Kline
4.3%
Quiz Playlist
Details
Report
Send in Message
Add To Playlist
Classic:
Type in answers that appear in a list
Last Updated: May 10, 2017
Quiz Scoreboard
CHALLENGE
Sign Up to Join the Scoreboard
Show All
Scores
Hide
Comments
May contain spoilers
Recently Published
Image Sorting: Flags VI
by Barbecue
Geography
2m
Find the 'City' Movie
by crazypaving
Movies
60s
Colored Red Africa Blitz
by spor1
Geography
45s
More to Explore
Quiz From the Vault
Featured Blog Post
14 Easter Pick-up Lines to Find Eggs With
hide this ad
You Might Also Like...
Tags
MLB Quiz
1961
Leader
Progressive
Save
Single Season
team
Today's Top Quizzes in Sports
Browse Sports
hide this ad
Today's Top Quizzes in MLB
Browse MLB
Top Contributed Quizzes in Sports
1
Les meilleurs buteurs des matchs entre le PSG et l’OM
2
Les entraîneurs de l'OM et du PSG au 21e siècle
3
Les joueurs passés par le PSG et l'OM
4
2022 World Cup Stars
5
Players with Multiple 50 Home Run Seasons
6
Criteria MLB: Left Handed Sluggers
7
MLB Players with Two .350 Batting Average Seasons
8
Les joueurs passés par le LOSC et le RC Lens
9
NBA Logic Puzzle 2.0
10
Top 10 NHL Goal Scorers of All Time
Explore More
Trending Topics
Anime
Disney
Kpop
Marvel
NBA
Crossword
Harry Potter
Soccer
Country
Pokémon
NFL
WWE
Puzzle
The Office
Song
hide this ad
More By:
slacktivist
Quiz
Plays
Rating
Category
Featured
Created
MLB Teams: Last 10 Hitters with .300 Seasons
25,604
4.78
Sports
Apr 26, 2017
MLB: 40 Wins Above Replacement for One Team
12,386
4.81
Sports
Apr 7, 2014
MLB Leaders: Top 10 HR Hitters, Last 30 Seasons
7,156
4.91
Sports
Aug 6, 2015
MLB Leaders: Top 300 Players in Career Home Runs
6,798
4.88
Sports
Feb 6, 2019
MLB: 2010s All-Decade Teams by Career WAR
5,496
4.93
Sports
Mar 25, 2017
Go to Creator's Profile
Score Distribution
Quiz Creator Spotlight
slacktivist
Follow
Send a Message
Quizzes Created
-
Created Quiz Play Count
-
More By This Creator
Popular Quizzes Today
1
Colored Red Africa Blitz
2
Find the US States - No Outlines Minefield
3
Find the 'City' Movie
4
5x2 Blitz: Bands
5
The Countries of the World
6
Find the US States
7
Find the Countries of Europe - No Outlines Minefield
8
US States
More Sports Quizzes
Premier League team & kit maker 2019/20
Quiz Lab
Trending Quizzes
Colored Red Europe Blitz I
Colored Red Europe Blitz II
Colored Red Africa Blitz II
Colored Red Europe Blitz III
Colored Red Africa Blitz III
Recently Updated
How Do You Spell That?
pecheneg
Godzilla Movies
pecheneg
Grab Bag: 4-10 Letters
pecheneg
2024 March Madness Bracket
pecheneg
Famous TV Couples
Peacemaker
Champions League XIs: Real Madrid
pecheneg
Largest US Cities 1790-2010
pecheneg
Rides in Walt Disney World
pecheneg
Most Oscar Losses (Acting)
pecheneg
Beyoncé Albums
pecheneg
Trending Topics
Marvel
NBA
Crossword
Kpop
Harry Potter
Anime
Disney
Pokémon
WWE
Puzzle
The Office
Soccer
Song
NFL
Country
Your Account Isn't Verified!
In order to create a playlist on Sporcle, you need to verify the email address you used during registration. Go to your
Sporcle Settings
to finish the process.
Report this User
Report this user for behavior that violates our
Community Guidelines
.
Details:
Send Report
Go to the Sporcle.com Mobile Site →
Comments